Minecraft Vocabulary #2 - Statistics

General Stats
  • This quiz has been taken 21 times
  • The average score is 10 of 15
Answer Stats
Term Word % Correct
Word that comes after either Slow, or Feather Falling
94%
Word that comes before Repeater or Comparator Redstone
94%
Block used for renaming, repairing, or enchanting Anvil
89%
Ancient stuff that netherite scraps are made of Debris
89%
Structure that has the End Portal somewhere in it Stronghold
83%
Hitting a mob on your way down from a height Critting
78%
Mob that was added as a particle, seen in bushes Firefly
78%
Word that comes before a block that brings silverfish Infested
78%
What happens when you put iron in a furnace Smelting
78%
The grass of the ground in a Mooshroom island Mycelium
72%
Block made of Heart of the Sea and Nautilus shells Conduit
56%
Making an entity appear using a certain text Summon
44%
Four are used to make a decorated pot (not brick) Sherd
39%
The ground cover for the Nether, red or blue Nyleum
17%
Item needed to turn diamond gear to Netherite Armor Trim
11%
No matching quizzes found
Score Distribution
Percent of People with Each Score
Percentile by Number Answered
Your Score History
You have not taken this quiz